000 00211 a2200097 4500
001 42256
100 _aHughes T P
245 _aDictionary of Islam
260 _a
_bPremier Book House
_c
090 _c26229
_d26229
942 _aNUST-CAE
_cM
_c18035
999 _c277329
_d277329